000 00356nam a2200121Ia 4500
008 240731s9999 xx 000 0 und d
022 _a1539-7742
245 0 _aMechanics Based Design of Structures and Machines : An International Journal
260 _bTaylor & Francis
856 _uhttps://www.tandfonline.com/loi/lmbd20
942 _2ddc
942 _cTFEJ
999 _c78515
_d78515
945 _a1
_bMadushi Gamage
_c1
_dMadushi Gamage